Matemáticas financieras-teoría y práctica: 106 ejercicios resueltos con calculadora financiera y excel (Registro nro. 12974)
[ vista simple ]
| 000 -Cabecera | |
|---|---|
| Campo de control de longitud fija | 00814ntm a22002777a 4500 |
| 005 - Fecha y hora de la última transacción | |
| Campo de control | 20251212104036.0 |
| 008 - Elementos de longitud fija--Información general | |
| Campo de control de longitud fija | 210602b2019 xxu||||| |||| 00| 0 spa d |
| 020 ## - International Standard Book Number | |
| Número Internacional Estándar del Libro (ISBN) | 9781089702313 |
| 041 ## - Idioma | |
| Código de idioma | Español |
| 082 ## - Clasificación Decimal Dewey | |
| Número de clasificación | 658.15 R175m |
| 100 ## - Entrada principal--Autor personal | |
| Nombre personal | Ramos Ramos, Rodrigo |
| 9 (RLIN) | 60080 |
| 245 ## - Título propiamente dicho | |
| Título | Matemáticas financieras-teoría y práctica: 106 ejercicios resueltos con calculadora financiera y excel |
| 260 ## - Pie de imprenta | |
| Lugar de publicación, distribución, etc. | Argentina |
| 260 ## - Pie de imprenta | |
| Nombre del editor, distribuidor, etc. | Independiente |
| 260 ## - Pie de imprenta | |
| Fecha de publicación, distribución, etc. | 2019 |
| 300 ## - Descripción física | |
| Extensión | 297 páginas |
| 490 ## - Serie | |
| Título de la Serie | Dirección y Administración de Empresas |
| 490 ## - Serie | |
| Título de la Serie | Gestión de Calidad |
| 650 ## - Materia general | |
| Temática (materia general) | MATEMÁTICAS FINANCIERAS |
| 650 ## - Materia general | |
| Temática (materia general) | TASAS DE INTERÉS |
| 650 ## - Materia general | |
| Temática (materia general) | INTERÉS SIMPLE |
| 650 ## - Materia general | |
| Temática (materia general) | INTERÉS COMPUESTO |
| 650 ## - Materia general | |
| Temática (materia general) | ANUALIDADES |
| 650 ## - Materia general | |
| Temática (materia general) | TIPOS DE AMORTIZACIÓN |
| 942 ## - Punto de acceso adicional KOHA | |
| Tipo de ítem KOHA | Libro |
| Fuente del sistema de clasificación o colocación | Dewey Decimal Classification |
| Signatura completa | Código de barras | Programa Académico | Tipo de ítem |
|---|---|---|---|
| 513.93 R175m | 25204 | Libro |